000 00466nam a2200193Ia 4500
005 20250423095622.0
008 250422s9999 xx 000 0 und d
020 _a9781451101508
050 _aQM 551 R67/
100 _aRoss, Michael H.
245 0 _aHistology a text and atlas
250 _a^th ed.
260 _aUSA
260 _bLippincott Williams- Wilkins
260 _c2011
300 _a974 p
650 _aHistology Histology_Atlases
942 _cBK
999 _c30818
_d30818